Statistiques concernant ÉQUIPE DE FRANCE: Liste des 23 bleus (Mars 2024)

Cliquez ici pour prendre le quiz!

Statistiques générales

  • Ce quiz a été pris 274 fois
  • Le résultat moyen est 21 sur 23

Statistiques - réponses

PosteJoueurClub% Correct
AttaquantKylian MbappéParis Saint-Germain
99%
AttaquantAntoine GriezmannAtletico Madrid
98%
GardienMike MaignanAC Milan
98%
DéfenseurLucas HernandezParis Saint-Germain
97%
AttaquantOlivier GiroudAC Milan
97%
DéfenseurTheo HernandezAC Milan
96%
AttaquantOusmane DembéléParis Saint-Germain
95%
MilieuAurélien TchouaméniReal Madrid
93%
MilieuAdrien RabiotJuventus
92%
DéfenseurBenjamin PavardInter Milan
92%
GardienBrice SambaRC Lens
92%
MilieuEduardo CamavingaReal Madrid
92%
DéfenseurJules KoundéFC Barcelone
92%
AttaquantMarcus ThuramInter Milan
91%
GardienAlphonse AréolaWest Ham
90%
AttaquantRandal Kolo MuaniParis Saint-Germain
88%
DéfenseurWilliam SalibaArsenal
88%
DéfenseurIbrahima KonatéLiverpool
86%
DéfenseurJonathan ClaussOlympique de Marseille
86%
MilieuWarren Zaïre-EmeryParis Saint-Germain
86%
DéfenseurDayot UpamecanoBayern Munich
84%
MilieuYoussouf FofanaAS Monaco
81%
AttaquantMoussa DiabyAston Villa
70%

Distribution des résultats

Percentile par nombre de réponses

% des personnes avec chaque résultat

Votre développement - résultats

Vous n’avez pas pris ce quiz